<?xml version="1.0" encoding="UTF-8"?>
<record
    xmlns:xsi="http://www.w3.org/2001/XMLSchema-instance"
    xsi:schemaLocation="http://www.loc.gov/MARC21/slim http://www.loc.gov/standards/marcxml/schema/MARC21slim.xsd"
    xmlns="http://www.loc.gov/MARC21/slim">

  <leader>01962nam0a22003491  4500</leader>
  <controlfield tag="001">v19\rc\1559205</controlfield>
  <controlfield tag="005">20260406111401.0</controlfield>
  <datafield tag="035" ind1=" " ind2=" ">
    <subfield code="a">(NLR Aleph) 004672415</subfield>
  </datafield>
  <datafield tag="090" ind1=" " ind2=" ">
    <subfield code="a">3696188</subfield>
    <subfield code="c">3696188</subfield>
  </datafield>
  <datafield tag="100" ind1=" " ind2=" ">
    <subfield code="a">20060620d1897    |||y0rusy50      ca</subfield>
  </datafield>
  <datafield tag="101" ind1="1" ind2=" ">
    <subfield code="a">rus</subfield>
    <subfield code="c">ger</subfield>
  </datafield>
  <datafield tag="102" ind1=" " ind2=" ">
    <subfield code="a">RU</subfield>
  </datafield>
  <datafield tag="105" ind1=" " ind2=" ">
    <subfield code="a">a z |||||</subfield>
  </datafield>
  <datafield tag="200" ind1="1" ind2=" ">
    <subfield code="a">&#x41A;&#x43B;&#x438;&#x43D;&#x438;&#x447;&#x435;&#x441;&#x43A;&#x430;&#x44F; &#x434;&#x438;&#x430;&#x433;&#x43D;&#x43E;&#x441;&#x442;&#x438;&#x43A;&#x430; &#x432;&#x43D;&#x443;&#x442;&#x440;&#x435;&#x43D;&#x43D;&#x438;&#x445; &#x431;&#x43E;&#x43B;&#x435;&#x437;&#x43D;&#x435;&#x439;</subfield>
    <subfield code="e">&#x41C;&#x438;&#x43A;&#x440;&#x43E;&#x441;&#x43A;&#x43E;&#x43F;&#x438;&#x447;., &#x445;&#x438;&#x43C;. &#x438; &#x431;&#x430;&#x43A;&#x442;&#x435;&#x440;&#x438;&#x43E;&#x43B;. &#x441;&#x43F;&#x43E;&#x441;&#x43E;&#x431;&#x44B; &#x438;&#x441;&#x441;&#x43B;&#x435;&#x434;.</subfield>
    <subfield code="f">[&#x421;&#x43E;&#x447;.] &#x414;-&#x440;&#x430; &#x420;. &#x444;&#x43E;&#x43D;-&#x42F;&#x43A;&#x448;, &#x43F;&#x440;&#x43E;&#x444;. &#x423;&#x43D;-&#x442;&#x430; &#x432; &#x413;&#x440;&#x430;&#x446;&#x435;</subfield>
    <subfield code="g">&#x41F;&#x435;&#x440;. &#x441; 2-&#x433;&#x43E; &#x438;&#x437;&#x434;.: "Klinische Diagnostik innerer Krankheiten mittels bakteriologischer, chemischer und mikroskopischer Untersuchungsmethoden von D-r Rudolf v. Jaksch", &#x43F;&#x43E;&#x434; &#x440;&#x435;&#x434;. &#x434;-&#x440;&#x430; &#x42E;.&#x422;. &#x427;&#x443;&#x434;&#x43D;&#x43E;&#x432;&#x441;&#x43A;&#x43E;&#x433;&#x43E;, &#x43E;&#x440;&#x434;. &#x43F;&#x440;&#x43E;&#x444;. &#x412;&#x43E;&#x435;&#x43D;.-&#x43C;&#x435;&#x434;. &#x430;&#x43A;&#x430;&#x434;., &#x434;-&#x440; &#x41A;.&#x41D;. &#x41F;&#x443;&#x440;&#x438;&#x446; &#x438; &#x434;-&#x440; &#x413;.&#x42E;. &#x42F;&#x432;&#x435;&#x439;&#x43D;, &#x43E;&#x440;&#x434;&#x438;&#x43D;&#x430;&#x442;&#x43E;&#x440;&#x44B; &#x41A;&#x43B;&#x438;&#x43D;&#x438;&#x43A;&#x438; &#x43E;&#x431;&#x449;. &#x442;&#x435;&#x440;&#x430;&#x43F;&#x438;&#x438; &#x438; &#x434;&#x438;&#x430;&#x433;&#x43D;&#x43E;&#x441;&#x442;&#x438;&#x43A;&#x438; &#x43F;&#x440;&#x438; &#x412;&#x43E;&#x435;&#x43D;.-&#x43C;&#x435;&#x434;. &#x430;&#x43A;&#x430;&#x434;.</subfield>
  </datafield>
  <datafield tag="205" ind1=" " ind2=" ">
    <subfield code="a">2-&#x435; &#x438;&#x437;&#x434;., &#x440;&#x443;&#x441;.</subfield>
  </datafield>
  <datafield tag="210" ind1=" " ind2=" ">
    <subfield code="a">&#x421;&#x430;&#x43D;&#x43A;&#x442;-&#x41F;&#x435;&#x442;&#x435;&#x440;&#x431;&#x443;&#x440;&#x433;</subfield>
    <subfield code="c">&#x41A;.&#x41B;. &#x420;&#x438;&#x43A;&#x43A;&#x435;&#x440;</subfield>
    <subfield code="d">1897</subfield>
  </datafield>
  <datafield tag="215" ind1=" " ind2=" ">
    <subfield code="a">[2], 336, XXIV, 337-600 &#x441;.</subfield>
    <subfield code="c">&#x438;&#x43B;.</subfield>
    <subfield code="d">24</subfield>
  </datafield>
  <datafield tag="300" ind1=" " ind2=" ">
    <subfield code="a">&#x418;&#x437;&#x434;. &#x432;&#x44B;&#x448;&#x43B;&#x43E; &#x432; 2 &#x432;&#x44B;&#x43F;.</subfield>
  </datafield>
  <datafield tag="700" ind1=" " ind2="1">
    <subfield code="8">rus</subfield>
    <subfield code="7">ca</subfield>
    <subfield code="a">&#x42F;&#x43A;&#x448;</subfield>
    <subfield code="b">&#x420;. &#x444;&#x43E;&#x43D;</subfield>
    <subfield code="f">1855-1947</subfield>
    <subfield code="g">&#x420;&#x443;&#x434;&#x43E;&#x43B;&#x44C;&#x444; &#x444;&#x43E;&#x43D;</subfield>
    <subfield code="3">RU\NLR\AUTH\77120914</subfield>
    <subfield code="9">103839</subfield>
  </datafield>
  <datafield tag="702" ind1=" " ind2="1">
    <subfield code="4">340</subfield>
    <subfield code="8">rus</subfield>
    <subfield code="7">ca</subfield>
    <subfield code="a">&#x427;&#x443;&#x434;&#x43D;&#x43E;&#x432;&#x441;&#x43A;&#x438;&#x439;</subfield>
    <subfield code="b">&#x42E;. &#x422;.</subfield>
    <subfield code="f">1843-1896</subfield>
    <subfield code="g">&#x42E;&#x440;&#x438;&#x439; &#x422;&#x440;&#x43E;&#x444;&#x438;&#x43C;&#x43E;&#x432;&#x438;&#x447;</subfield>
    <subfield code="3">RU\NLR\AUTH\77120071</subfield>
    <subfield code="9">102996</subfield>
  </datafield>
  <datafield tag="702" ind1=" " ind2="1">
    <subfield code="4">730</subfield>
    <subfield code="8">rus</subfield>
    <subfield code="7">ca</subfield>
    <subfield code="a">&#x41F;&#x443;&#x440;&#x438;&#x446;</subfield>
    <subfield code="b">&#x418;. &#x41D;.</subfield>
    <subfield code="f">1859-</subfield>
    <subfield code="g">&#x418;&#x435;&#x437;&#x435;&#x43A;&#x438;&#x438;&#x43B;&#x44C; &#x41D;&#x430;&#x442;&#x430;&#x43D;&#x43E;&#x432;&#x438;&#x447;</subfield>
    <subfield code="3">RU\NLR\AUTH\77112613</subfield>
    <subfield code="9">95538</subfield>
  </datafield>
  <datafield tag="702" ind1=" " ind2="1">
    <subfield code="a">&#x42F;&#x432;&#x435;&#x439;&#x43D;</subfield>
    <subfield code="b">&#x413;.&#x42E;.</subfield>
    <subfield code="f">1863-1920</subfield>
    <subfield code="g">&#x413;&#x435;&#x43E;&#x440;&#x433;&#x438;&#x439; &#x42E;&#x43B;&#x44C;&#x435;&#x432;&#x438;&#x447;</subfield>
    <subfield code="4">730</subfield>
  </datafield>
  <datafield tag="801" ind1=" " ind2="0">
    <subfield code="a">RU</subfield>
    <subfield code="b">NLR</subfield>
    <subfield code="g">psbo</subfield>
  </datafield>
  <datafield tag="801" ind1=" " ind2="0">
    <subfield code="a">RU</subfield>
    <subfield code="b">RuMoRGB</subfield>
    <subfield code="2">psbo</subfield>
  </datafield>
  <datafield tag="801" ind1=" " ind2="1">
    <subfield code="a">RU</subfield>
    <subfield code="b">ProSoft-M</subfield>
    <subfield code="2">rusmarc</subfield>
  </datafield>
  <datafield tag="801" ind1=" " ind2="2">
    <subfield code="a">RU</subfield>
    <subfield code="b">NLR</subfield>
    <subfield code="c">20130306</subfield>
    <subfield code="2">rusmarc</subfield>
  </datafield>
  <datafield tag="852" ind1=" " ind2=" ">
    <subfield code="a">NLR</subfield>
    <subfield code="j">20.84.6.37(1-2)</subfield>
  </datafield>
  <datafield tag="899" ind1=" " ind2=" ">
    <subfield code="a">RuMoRGB</subfield>
    <subfield code="j">P 32/81</subfield>
  </datafield>
  <datafield tag="899" ind1=" " ind2=" ">
    <subfield code="a">RuMoRGB</subfield>
    <subfield code="j">S 37/1628</subfield>
  </datafield>
  <datafield tag="899" ind1=" " ind2=" ">
    <subfield code="a">&#x411;&#x410;&#x41D;</subfield>
  </datafield>
  <datafield tag="942" ind1=" " ind2=" ">
    <subfield code="c">BOOK</subfield>
  </datafield>
  <datafield tag="980" ind1=" " ind2=" ">
    <subfield code="a">NB</subfield>
  </datafield>
  <datafield tag="995" ind1=" " ind2=" ">
    <subfield code="5">2013-10-26</subfield>
    <subfield code="b">NLR02</subfield>
    <subfield code="c">NLR02</subfield>
    <subfield code="e">RFS</subfield>
    <subfield code="f">4672415-10</subfield>
    <subfield code="k">20.84.6.37(1-2)</subfield>
    <subfield code="o">0</subfield>
    <subfield code="r">BOOK</subfield>
    <subfield code="s">208463712_</subfield>
  </datafield>
  <datafield tag="995" ind1=" " ind2=" ">
    <subfield code="5">2013-10-26</subfield>
    <subfield code="b">NLR01</subfield>
    <subfield code="c">NLR01</subfield>
    <subfield code="e">TEMP</subfield>
    <subfield code="f">4672415-40</subfield>
    <subfield code="o">0</subfield>
    <subfield code="r">BOOK</subfield>
  </datafield>
</record>
